| 000 | 01078cam a22001814a 4500 | ||
|---|---|---|---|
| 005 | 20250605164401.0 | ||
| 008 | 250528s ||||||||||||||||||||||||d | ||
| 035 | _a24595 | ||
| 040 |
_aGR-AtMCL _bgre _dGR-AtMCL _eAACR2 |
||
| 245 | 1 | _aΗ Επανάσταση Έρχεται σε 4 Ρόδες με Εναλλακτικά Καύσιμα | |
| 260 |
_bScl Magazine, _c2021 |
||
| 300 | _a112 | ||
| 520 | _aΈνα Εργαλείο για την Επιχειρησιακή Δρομολόγηση του Μέλλοντος, Οι Ηλεκτρικοί Στόλοι Οχημάτων Φαντάζουν Μαγική Λύση για τη Μείωση Εκπομπών Διοξειδίου του Άνθρακα στην Ευρώπη, TT Club - Suez Canal Blockage: Supply Chain Risks Assessed, Με 500 Σύνεδρους και Μεστές Ομιλίες και Συμπεράσματα το LOGI.C Special 8 Απριλίου 'Supply Chain as a Customer'. | ||
| 700 | 1 |
_aΔημητριάδης Θεόδωρος _99489 |
|
| 942 | _cCR | ||
| 999 |
_c9465 _d9465 |
||